000 00513nam a2200193Ia 4500
008 220216s9999 xx 000 0 und d
100 _aWilde J
245 0 _aGenetic fingerprinting of Theobroma clones using randomly amplified polymorphic DNA markers
260 _bTheoretical and Applied Genetics
_c1992
300 _a871-877
650 _aCocoa
650 _aDNA
650 _aGenetic diversity
650 _aPolymorphism
650 _aRAPD
700 _aPowell W
700 _aWaugh R
942 _cJS
999 _c59822
_d59822